000 00473nam a22001337a 4500
020 _a7807-46-054031
082 _a823
_bRAW/S
100 _aRAWSOB, CHRISTOPHER
245 _aSTORIES OF GIANTS
260 _aLONDON
_bUSBORNE PUBLISHING LTD
_c2004
300 _a48
520 _aSome giants are naughty, some are foolish, but they're all BIG These tales tell how a kind giant called a troll helped a poor fisherman, and how three wicked giants meet a grisly end.
942 _cBK
999 _c6443
_d6443